000 01482na a2200361 4500
001 22567
003 MIRAKIL
005 20181213154845.0
008 170216b tu 000 0
040 _aMilas
_btur
_cTR-AnCHP
041 _atur
082 _aCHP 363.7
_bC36ç 2002/6
090 _aCHP 363.7 C36ç 2002/6
091 _aÇEVRE - 2
110 _aCumhuriyet Halk Partisi (CHP)
222 _aÇevre ve sürdürülebilir kalkınma raporları
245 _aÇevre ve sürdürülebilir kalkınma -- ön rapor
_bHaziran 2002
_cCumhuriyet Halk Partisi
246 _aÇevre raporu
260 _aAnkara
_bCHP
_cHaziran 2002
300 _a41 yaprak
_c30 sm.
440 _aCumhuriyet Halk Partisi yayınları
_pRaporlar
500 _aapıt adı üstünde: "Yaşam alanı doğallaştırma, doğal yaşamı geliştirmek"
500 _aYerel numaradaki sayılar, raporların sunulduğu ayları temsil eder : Ocak -1 ; Şubat - 2 ; Mart - 3 ; Nisan - 4 ; Mayıs - 5; Haziran - 6 ; Temmuz - 7; Ağustos - 8; Eylül - 9; Ekim - 10; Kasım - 11 ; Aralık - 12.
610 _aCHP
_xÇevre politikaları
_ySürdürülebilir kalkınma
610 _aCHP
_xÇevre
_yÖn raporlar
650 _aÇevre sorunları
_xRaporlar
_zTürkiye
657 _aCHP çevre ön raporu
657 _aCHP çevre raporu
740 _aCHP çevre ve sürdürülebilir kalkınma raporları
830 _aCHP raporları
942 _2ddc
_cBKS
999 _c2099
_d2099